Teorías sociológicas : introducción a los contemporáneos /

Bibliographic Details
Main Authors: Cristiano, Javier (Author), Sprecher, Roberto von (Roberto Héctor von), 1951- (Author, Editor), Giletta, Matías Fernando (Author)
Format: Electronic eBook
Language:Spanish
Published: Córdoba, Argentina : Editorial Brujas, [2013]
Subjects:
Online Access:Digitalia Hispánica

MARC

LEADER 00000nam a2200000Ii 4500
001 DIGBRUJ240
003 NyNyDIG
006 m o d
007 cr |||||||||||
008 220710s2013 ag ob 000 0 spa d
035 |a (OCoLC)899005981 
040 |a DGITA  |b eng  |e rda  |e pn  |c DGITA 
020 |a 9789875914384  |q pdf 
020 |z 9789875910645 
050 1 4 |a HM51 ebook 
082 0 4 |a 301 
100 1 |a Cristiano, Javier,  |e author. 
245 1 0 |a Teorías sociológicas :  |b introducción a los contemporáneos /  |c coordinador, Roberto von Sprecher ; autores, Javier Cristiano, Matías Giletta, Roberto von Sprecher. 
264 1 |a Córdoba, Argentina :  |b Editorial Brujas,  |c [2013] 
300 |a 1 online resource. 
336 |a text  |b txt  |2 rdacontent 
337 |a computer  |b c  |2 rdamedia 
338 |a online resource  |b cr  |2 rdacarrier 
347 |a text file  |2 rdaft 
347 |b PDF 
504 |a Includes bibliographical references. 
588 0 |a Online resource; title from PDF title page (Digitalia, viewed July 10, 2022) 
600 1 0 |a Bourdieu, Pierre,  |d 1930-2002. 
600 1 0 |a Luhmann, Niklas,  |d 1927-1998. 
600 1 0 |a Habermas, Jürgen. 
600 1 0 |a Giddens, Anthony. 
650 0 |a Sociology. 
655 0 |a Electronic books. 
700 1 |a Sprecher, Roberto von  |q (Roberto Héctor von),  |d 1951-  |e editor,  |e author. 
700 1 |a Giletta, Matías Fernando,  |e author. 
791 2 |a Digitalia (Firm),  |e distributor. 
793 0 |g Digitalia eBook Collection:  |a Editorial Brujas 
776 0 8 |i Print version:  |a Cristiano, Javier.  |t Teorías sociológicas.  |d Córdoba, Argentina : Editorial Brujas, [2013]  |z 9789875910645 
856 4 0 |3 Digitalia Hispánica  |u https://www.digitaliapublishing.com/a/35402/ 
910 |a Premium collection: 2022